[Event "Iranian Men Championship Final 1399"]
[Site "Tehran"]
[Date "2021.04.13"]
[Round "15"]
[Board "4"]
[White "Gholami, Aryan"]
[Black "Maghsoodloo, Parham"]
[Result "0-1"]
[WhiteElo "2507"]
[BlackElo "2676"]
[PlyCount "0"]
[EventDate "2021.04.05"]
[EventRounds "15"]
[EventCountry "IRI"]

1. d4 {[%clk 1:30:50]} Nf6 {[%clk 1:29:50]} 2. Nf3 {[%clk 1:31:10]} d5
{[%clk 1:30:06]} 3. Bf4 {[%clk 1:31:33]} c5 {[%clk 1:30:24]} 4. e3
{[%clk 1:31:57]} Nc6 {[%clk 1:30:47]} 5. Nbd2 {[%clk 1:32:21]} cxd4
{[%clk 1:31:12]} 6. exd4 {[%clk 1:32:31]} Qb6 {[%clk 1:31:35]} 7. Nb3
{[%clk 1:32:13]} Bf5 {[%clk 1:32:00]} 8. c3 {[%clk 1:28:56]} e6 {[%clk 1:31:51]}
9. h3 {[%clk 1:28:23]} Be7 {[%clk 1:28:18]} 10. a4 {[%clk 1:28:22]} a6
{[%clk 1:28:47]} 11. a5 {[%clk 1:27:39]} Qd8 {[%clk 1:29:15]} 12. Bd3
{[%clk 1:27:57]} Bxd3 {[%clk 1:28:56]} 13. Qxd3 {[%clk 1:28:25]} O-O
{[%clk 1:29:07]} 14. O-O {[%clk 1:28:45]} Nd7 {[%clk 1:29:28]} 15. Nfd2
{[%clk 1:19:15]} b6 {[%clk 1:20:51]} 16. axb6 {[%clk 1:18:03]} Qxb6
{[%clk 1:21:15]} 17. Ra2 {[%clk 1:18:21]} Qb5 {[%clk 1:12:53]} 18. Qxb5
{[%clk 1:15:36]} axb5 {[%clk 1:13:09]} 19. Rfa1 {[%clk 1:16:03]} Rxa2
{[%clk 1:10:13]} 20. Rxa2 {[%clk 1:16:28]} Rc8 {[%clk 1:10:16]} 21. Ra6
{[%clk 1:10:39]} b4 {[%clk 1:03:18]} 22. Kf1 {[%clk 1:10:25]} bxc3
{[%clk 1:03:09]} 23. bxc3 {[%clk 1:10:53]} g5 {[%clk 0:59:14]} 24. Bg3
{[%clk 1:11:04]} f5 {[%clk 0:57:45]} 25. f3 {[%clk 1:10:52]} Kf7 {[%clk 0:57:53]}
26. Ra2 {[%clk 1:00:57]} h5 {[%clk 0:53:11]} 27. Ke2 {[%clk 0:57:00]} Nf8
{[%clk 0:44:56]} 28. Kd1 {[%clk 0:54:49]} Ng6 {[%clk 0:45:03]} 29. Nc1
{[%clk 0:55:08]} Bd8 {[%clk 0:40:38]} 30. Nd3 {[%clk 0:51:57]} Ba5
{[%clk 0:38:41]} 31. Ra3 {[%clk 0:48:48]} Kf6 {[%clk 0:36:23]} 32. Be5+
{[%clk 0:46:05]} Ke7 {[%clk 0:36:47]} 33. Bg3 {[%clk 0:46:27]} Bc7
{[%clk 0:35:53]} 34. Bxc7 {[%clk 0:46:40]} Rxc7 {[%clk 0:36:18]} 35. Ke2
{[%clk 0:46:11]} Na7 {[%clk 0:33:26]} 36. Ra5 {[%clk 0:39:05]} Nc8
{[%clk 0:33:22]} 37. Rc5 {[%clk 0:39:00]} Rxc5 {[%clk 0:33:47]} 38. dxc5
{[%clk 0:38:24]} Na7 {[%clk 0:32:40]} 39. c4 {[%clk 0:38:09]} d4 {[%clk 0:32:32]}
40. g4 {[%clk 0:37:45]} hxg4 {[%clk 0:32:53]} 41. hxg4 {[%clk 0:37:41]} Nc6
{[%clk 0:32:36]} 42. gxf5 {[%clk 0:33:39]} exf5 {[%clk 0:32:52]} 43. Nb3
{[%clk 0:31:50]} Kf6 {[%clk 0:30:12]} 44. Kf2 {[%clk 0:32:02]} Nge5
{[%clk 0:29:20]} 45. Nxe5 Kxe5 {[%clk 0:29:43]} 46. Kg3 {[%clk 0:28:26]} d3
{[%clk 0:23:07]} 47. Kf2 {[%clk 0:27:05]} Kf4 {[%clk 0:23:34]} 48. Nc1
{[%clk 0:22:53]} Nb4 {[%clk 0:23:37]} 49. c6 {[%clk 0:19:59]} d2 {[%clk 0:24:01]}
50. Ne2+ {[%clk 0:20:23]} Ke5 {[%clk 0:24:29]} 51. Nc3 {[%clk 0:20:46]} Nxc6
{[%clk 0:24:10]} 52. Ke3 {[%clk 0:20:13]} f4+ {[%clk 0:24:35]} 53. Kxd2
{[%clk 0:20:27]} Nd4 {[%clk 0:25:04]} 54. Kd3 {[%clk 0:18:37]} Nxf3
{[%clk 0:25:25]} 55. c5 {[%clk 0:19:04]} Kf5 {[%clk 0:25:43]} 56. Nb5
{[%clk 0:13:31]} Ne5+ {[%clk 0:25:47]} 57. Ke2 {[%clk 0:13:46]} Nc6
{[%clk 0:23:18]} 58. Nd6+ {[%clk 0:13:56]} Kg4 {[%clk 0:23:43]} 59. Ne4
{[%clk 0:14:00]} Ne5 {[%clk 0:21:27]} 60. Kf2 {[%clk 0:11:02]} Kf5
{[%clk 0:21:46]} 61. Nd6+ {[%clk 0:11:18]} Ke6 {[%clk 0:22:12]} 62. Ne4
{[%clk 0:11:32]} g4 {[%clk 0:22:39]} 63. Kg2 {[%clk 0:11:47]} Nc6
{[%clk 0:22:43]} 64. Kf2 {[%clk 0:11:50]} Nd4 {[%clk 0:22:57]} 65. Nc3
{[%clk 0:10:34]} Ke5 {[%clk 0:22:43]} 66. Na2 {[%clk 0:10:49]} Kf5
{[%clk 0:22:02]} 67. Nb4 {[%clk 0:07:57]} g3+ {[%clk 0:22:25]} 68. Kg1
{[%clk 0:07:50]} f3 {[%clk 0:22:27]}  0-1

[Event "Iranian Men Championship Final 1399"]
[Site "Tehran"]
[Date "2021.04.13"]
[Round "15"]
[Board "5"]
[White "Idani, Pouya"]
[Black "Veisi, Bardia"]
[Result "1/2-1/2"]
[WhiteElo "2588"]
[BlackElo "2273"]
[PlyCount "0"]
[EventDate "2021.04.05"]
[EventRounds "15"]
[EventCountry "IRI"]

1. e4 {[%clk 1:30:59]} e5 {[%clk 1:29:28]} 2. Nf3 {[%clk 1:30:59]} Nc6
{[%clk 1:29:28]} 3. Bb5 {[%clk 1:30:59]} Nf6 {[%clk 1:29:28]} 4. d3
{[%clk 1:30:59]} Bc5 {[%clk 1:29:28]} 5. Bxc6 {[%clk 1:30:59]} dxc6
{[%clk 1:29:28]} 6. O-O {[%clk 1:30:59]} Nd7 {[%clk 1:29:28]} 7. c3
{[%clk 1:30:59]} O-O {[%clk 1:29:28]} 8. d4 {[%clk 1:30:59]} Bd6 {[%clk 1:29:28]}
9. Bg5 {[%clk 1:30:59]} f6 {[%clk 1:29:28]} 10. Bh4 {[%clk 1:30:59]} c5
{[%clk 1:29:28]} 11. dxe5 {[%clk 1:30:59]} Nxe5 {[%clk 1:29:28]} 12. Nxe5
{[%clk 1:30:59]} Bxe5 {[%clk 1:29:28]} 13. Qe2 {[%clk 1:30:59]} Qd6 14. Bg3
{[%clk 1:24:05]} Bxg3 {[%clk 1:00:54]} 15. hxg3 Rd8 {[%clk 0:54:30]} 16. Na3
{[%clk 1:23:03]} Be6 {[%clk 0:50:05]} 17. Rfd1 {[%clk 1:18:26]} Qe7 18. Nc4
{[%clk 1:16:26]} Bxc4 {[%clk 0:37:12]} 19. Qxc4+ {[%clk 1:14:06]} Kh8
{[%clk 0:36:20]} 20. Qe2 {[%clk 1:14:14]} h6 {[%clk 0:32:29]} 21. g4
{[%clk 1:13:21]} Qe6 {[%clk 0:31:32]} 22. f3 {[%clk 1:06:37]} a5 {[%clk 0:27:26]}
23. b3 {[%clk 1:01:52]} Qe5 {[%clk 0:25:57]} 24. Qe3 {[%clk 0:58:36]} b6
{[%clk 0:24:55]} 25. Rd2 {[%clk 0:59:00]} Rxd2 {[%clk 0:25:02]} 26. Qxd2
{[%clk 0:58:07]} a4 27. Rd1 {[%clk 0:58:33]} axb3 {[%clk 0:25:22]} 28. axb3
{[%clk 0:53:52]} c4 {[%clk 0:20:48]} 29. bxc4 {[%clk 0:46:57]} Ra3 30. Rc1 Qc5+
{[%clk 0:20:22]} 31. Kh2 {[%clk 0:47:21]} Qxc4 {[%clk 0:19:03]} 32. Qd4 Qc6
{[%clk 0:18:22]} 33. c4 {[%clk 0:43:37]} Ra5 34. Rd1 Qc5 {[%clk 0:15:20]} 35.
Qd8+ {[%clk 0:31:29]} Kh7 {[%clk 0:15:40]} 36. Qc8 {[%clk 0:31:57]} Qe5+
{[%clk 0:10:01]} 37. Kh3 {[%clk 0:32:21]} h5 {[%clk 0:06:57]} 38. Qf5+
{[%clk 0:32:22]} Qxf5 {[%clk 0:07:13]} 39. gxf5 {[%clk 0:32:47]} Ra4
{[%clk 0:06:07]} 40. Kh4 {[%clk 0:28:49]} Rxc4 {[%clk 0:05:21]} 41. Kxh5
{[%clk 0:29:14]} Rc2 {[%clk 0:04:31]} 42. g3 {[%clk 0:29:39]} Rc3
{[%clk 0:04:17]} 43. Kg4 {[%clk 0:30:02]} b5 {[%clk 0:04:30]} 44. Rd7
{[%clk 0:23:11]} b4 {[%clk 0:02:57]} 45. e5 {[%clk 0:23:36]} fxe5
{[%clk 0:02:28]} 46. f6 {[%clk 0:23:47]} Kg8 {[%clk 0:02:50]} 47. Rxg7+
{[%clk 0:20:08]} Kf8 {[%clk 0:03:12]} 48. Kf5 {[%clk 0:18:56]} b3
{[%clk 0:02:57]} 49. Rh7 {[%clk 0:19:10]} b2 {[%clk 0:02:51]} 50. Rh8+
{[%clk 0:19:36]} Kf7 {[%clk 0:03:15]} 51. Rb8 {[%clk 0:20:02]} Rxf3+
{[%clk 0:02:06]} 52. Kxe5 {[%clk 0:20:24]} Rxg3 {[%clk 0:02:18]} 53. Rxb2
{[%clk 0:20:45]}  1/2-1/2

[Event "Iranian Men Championship Final 1399"]
[Site "Tehran"]
[Date "2021.04.13"]
[Round "15"]
[Board "6"]
[White "Darini, Pouria"]
[Black "Ghaem Maghami, Ehsan"]
[Result "1/2-1/2"]
[WhiteElo "2432"]
[BlackElo "2561"]
[PlyCount "0"]
[EventDate "2021.04.05"]
[EventRounds "15"]
[EventCountry "IRI"]

1. e4 {[%clk 1:29:18]} c6 {[%clk 1:30:31]} 2. d4 {[%clk 1:28:35]} d5
{[%clk 1:30:54]} 3. e5 {[%clk 1:28:39]} Bf5 {[%clk 1:31:16]} 4. h4
{[%clk 1:28:44]} h5 {[%clk 1:31:33]} 5. c4 {[%clk 1:28:42]} e6 {[%clk 1:31:30]}
6. Nc3 {[%clk 1:29:02]} Ne7 {[%clk 1:15:36]} 7. Nge2 {[%clk 1:29:23]} Nd7
{[%clk 1:08:19]} 8. Ng3 {[%clk 1:29:26]} Bg6 {[%clk 1:08:03]} 9. Bg5
{[%clk 1:29:42]} Qb6 {[%clk 1:07:27]} 10. Rc1 {[%clk 1:29:57]} f6
{[%clk 0:59:30]} 11. exf6 {[%clk 1:30:00]} gxf6 {[%clk 0:59:59]} 12. Be3
{[%clk 1:30:21]} Qxb2 {[%clk 1:00:12]} 13. cxd5 {[%clk 1:17:07]} Nxd5
{[%clk 0:59:34]} 14. Nxd5 {[%clk 1:17:35]} exd5 {[%clk 0:57:31]} 15. Bd3
{[%clk 1:18:03]} Qb4+ {[%clk 0:50:35]} 16. Kf1 {[%clk 1:17:34]} Bxd3+
{[%clk 0:50:21]} 17. Qxd3 {[%clk 1:18:02]} O-O-O {[%clk 0:49:43]} 18. Qf5
{[%clk 1:03:40]} Bh6 {[%clk 0:48:03]} 19. Rh3 {[%clk 0:33:58]} Bxe3
{[%clk 0:46:12]} 20. fxe3 {[%clk 0:34:27]} Qd2 {[%clk 0:31:11]} 21. Re1
{[%clk 0:34:26]} Qxa2 {[%clk 0:31:27]} 22. Nxh5 {[%clk 0:34:23]} Qa3
{[%clk 0:30:59]} 23. g4 {[%clk 0:28:19]} Qe7 {[%clk 0:29:42]} 24. Kg2
{[%clk 0:20:14]} Rdg8 {[%clk 0:21:06]} 25. Rf3 {[%clk 0:15:41]} Rh6
{[%clk 0:16:33]} 26. Kh3 {[%clk 0:14:01]}  1/2-1/2

[Event "Iranian Men Championship Final 1399"]
[Site "Tehran"]
[Date "2021.04.13"]
[Round "15"]
[Board "7"]
[White "Daneshvar, Bardiya"]
[Black "Daghli, Arash"]
[Result "1/2-1/2"]
[WhiteElo "2401"]
[BlackElo "2431"]
[PlyCount "0"]
[EventDate "2021.04.05"]
[EventRounds "15"]
[EventCountry "IRI"]

1. d4 {[%clk 1:29:25]} d5 {[%clk 1:30:51]} 2. c4 {[%clk 1:29:43]} e6
{[%clk 1:31:14]} 3. Nc3 {[%clk 1:30:05]} Bb4 {[%clk 1:31:30]} 4. cxd5
{[%clk 1:30:28]} exd5 {[%clk 1:31:54]} 5. Bf4 {[%clk 1:30:49]} c6
{[%clk 1:32:06]} 6. e3 {[%clk 1:31:14]} Bf5 {[%clk 1:32:17]} 7. Qb3
{[%clk 1:30:02]} Qb6 {[%clk 1:32:34]} 8. Nf3 {[%clk 1:26:29]} Nd7
{[%clk 1:32:38]} 9. Be2 {[%clk 1:24:29]} Ngf6 {[%clk 1:32:02]} 10. Nh4
{[%clk 1:19:47]} Be6 {[%clk 1:29:39]} 11. Qc2 {[%clk 1:11:41]} h6
{[%clk 1:25:58]} 12. Nf3 {[%clk 1:09:37]} Ne4 {[%clk 1:11:49]} 13. O-O
{[%clk 1:08:14]} g5 {[%clk 1:10:41]} 14. Bg3 {[%clk 1:00:59]} Bxc3
{[%clk 0:58:29]} 15. bxc3 {[%clk 1:01:21]} Qa5 {[%clk 0:58:20]} 16. Bd3
{[%clk 0:51:20]} Nxc3 {[%clk 0:52:02]} 17. Rfc1 {[%clk 0:48:30]} Ne4
{[%clk 0:51:52]} 18. Bxe4 {[%clk 0:47:59]} dxe4 {[%clk 0:52:07]} 19. Qxe4
{[%clk 0:48:14]} Qf5 {[%clk 0:51:38]} 20. Qxf5 {[%clk 0:43:42]} Bxf5
{[%clk 0:51:59]} 21. d5 {[%clk 0:44:08]} c5 {[%clk 0:43:06]} 22. Nd2
{[%clk 0:43:18]} O-O {[%clk 0:42:58]} 23. f3 {[%clk 0:35:34]} Bg6
{[%clk 0:42:36]} 24. Bd6 {[%clk 0:34:38]} Rfe8 {[%clk 0:40:09]} 25. e4
{[%clk 0:34:07]}  1/2-1/2

[Event "Iranian Men Championship Final 1399"]
[Site "Tehran"]
[Date "2021.04.13"]
[Round "15"]
[Board "8"]
[White "Atakhan, Abtin"]
[Black "Tabatabaei, M.Amin"]
[Result "0-1"]
[WhiteElo "2294"]
[BlackElo "2629"]
[PlyCount "0"]
[EventDate "2021.04.05"]
[EventRounds "15"]
[EventCountry "IRI"]

1. d4 {[%clk 1:30:58]} e6 {[%clk 1:29:21]} 2. g3 {[%clk 1:27:56]} c5
{[%clk 1:29:35]} 3. Nf3 {[%clk 1:27:05]} b5 {[%clk 1:29:35]} 4. Bg2
{[%clk 1:24:38]} Bb7 {[%clk 1:29:45]} 5. e3 {[%clk 1:19:48]} Nf6 {[%clk 1:29:49]}
6. O-O {[%clk 1:20:03]} d5 {[%clk 1:27:04]} 7. b3 {[%clk 1:16:43]} Nbd7
{[%clk 1:26:46]} 8. Nbd2 {[%clk 1:14:36]} Be7 {[%clk 1:18:44]} 9. Bb2
{[%clk 1:11:07]} O-O {[%clk 1:18:57]} 10. Qe2 {[%clk 1:09:19]} b4
{[%clk 1:17:44]} 11. Rfc1 {[%clk 1:01:05]} a5 {[%clk 1:17:54]} 12. c4
{[%clk 0:52:32]} bxc3 {[%clk 1:17:27]} 13. Bxc3 {[%clk 0:52:46]} Ba6
{[%clk 1:16:42]} 14. Qe1 {[%clk 0:52:55]} Qb6 {[%clk 1:17:04]} 15. e4
{[%clk 0:47:14]} dxe4 {[%clk 1:16:40]} 16. Nxe4 {[%clk 0:47:06]} Nxe4
{[%clk 1:17:04]} 17. Qxe4 {[%clk 0:47:29]} Bb7 {[%clk 1:17:28]} 18. Qe3
{[%clk 0:43:50]} Rac8 {[%clk 1:16:07]} 19. dxc5 {[%clk 0:37:07]} Bxc5
{[%clk 1:16:18]} 20. Bd4 {[%clk 0:37:29]} Bxd4 {[%clk 1:08:57]} 21. Qxd4
{[%clk 0:37:11]} Qxd4 {[%clk 1:06:52]} 22. Nxd4 {[%clk 0:37:39]} Bxg2
{[%clk 1:07:17]} 23. Kxg2 {[%clk 0:38:05]} Ne5 {[%clk 1:07:37]} 24. Ne2
{[%clk 0:28:55]} Ra8 {[%clk 1:05:19]} 25. Nf4 {[%clk 0:21:11]} Rfb8
{[%clk 1:01:29]} 26. Rc7 {[%clk 0:17:44]} g6 {[%clk 0:59:51]} 27. h3
{[%clk 0:16:32]} a4 {[%clk 0:59:36]} 28. Rac1 {[%clk 0:14:38]} axb3
{[%clk 0:59:10]} 29. axb3 {[%clk 0:15:06]} Rxb3 {[%clk 0:58:58]} 30. Re7
{[%clk 0:07:08]} Kf8 {[%clk 0:45:01]} 31. Rcc7 {[%clk 0:06:11]} Ra6
{[%clk 0:45:25]} 32. h4 {[%clk 0:04:54]} Rd6 {[%clk 0:44:26]} 33. Nh3
{[%clk 0:04:11]} h6 {[%clk 0:37:38]} 34. Nf4 {[%clk 0:03:57]} Rb2
{[%clk 0:36:03]} 35. Nxg6+ {[%clk 0:02:34]} Nxg6 {[%clk 0:35:47]} 36. Rxf7+
{[%clk 0:02:59]} Ke8 {[%clk 0:36:16]} 37. Rh7 {[%clk 0:01:09]} Rbd2
{[%clk 0:32:22]} 38. Rxh6 {[%clk 0:00:33]} Nf8 {[%clk 0:32:50]} 39. Rf6
{[%clk 0:00:38]} Rd7 {[%clk 0:33:08]} 40. Rc8+ {[%clk 0:01:02]} Rd8
{[%clk 0:33:38]} 41. Rc7 {[%clk 0:01:23]} R2d7 {[%clk 0:34:07]} 42. Rc3
{[%clk 0:01:28]} Rf7 {[%clk 0:34:21]} 43. Rh6 {[%clk 0:01:16]} Rd2
{[%clk 0:34:25]} 44. Rf3 {[%clk 0:01:36]} Rxf3 {[%clk 0:34:52]} 45. Kxf3
{[%clk 0:02:03]} Kf7 {[%clk 0:35:18]} 46. g4 {[%clk 0:02:09]} Rd5
{[%clk 0:22:30]} 47. Ke4 {[%clk 0:01:36]} Ra5 {[%clk 0:22:46]} 48. f4
{[%clk 0:00:40]} Kg7 {[%clk 0:20:37]} 49. Rh5 {[%clk 0:00:33]} Rxh5
{[%clk 0:16:37]} 50. gxh5 {[%clk 0:01:02]} Kf6 {[%clk 0:17:06]} 51. h6
{[%clk 0:01:25]} Ng6 {[%clk 0:15:10]} 52. h5 {[%clk 0:01:30]} Nh8
{[%clk 0:15:38]} 53. h7 {[%clk 0:01:39]} Nf7 {[%clk 0:16:07]} 54. h6
{[%clk 0:01:57]} Nh8 {[%clk 0:16:28]} 55. Kf3 {[%clk 0:00:59]} Kf5
{[%clk 0:16:57]} 56. Ke3 {[%clk 0:01:26]} Nf7 {[%clk 0:17:23]} 57. Kf3
{[%clk 0:01:33]} Kg6 {[%clk 0:17:47]} 58. Ke4 {[%clk 0:00:35]} Kxh7
{[%clk 0:18:03]} 59. Kf3 {[%clk 0:00:31]} Kxh6 {[%clk 0:18:27]}  0-1